000 nam a22 a 4500
999 _c444471
_d444471
003 BLK
005 20220210110746.0
008 220210b bu |||||r|||| 00| | bu d
040 _aBLK
041 _aBUL
_cBUL
080 _aДомашни птици
_b636.5
_z635.5
139 _aЗа доходна птицевъдна ферма
245 _aЗа доходна птицевъдна ферма
_bСб. от статии
260 _9209440
_aСофия
_bЗемиздат
_c1958
_n954-05-
300 _a36 с.
_c17 см
380 _a63
490 _9206674
_aБиблиотека Наръчник на агитатора
650 0 _9319386
_aПтицевъдни ферми
653 7 _9194900
_aптицевъдство
852 _aЦб I 1910
_bО
942 _cKNG
_n0
_s1
944 _aCR
_c2022-02-10
_kХристина Везирева